000 00320nam a2200157Ia 4500
100 _aShah/Sharanam
942 _cBK
366 _f20
654 _ahibernate
245 _aHibernate 3 for beginners
260 _bSPD
_c2009
082 _a5.133
_bSHA
300 _a598
546 _aENGLISH
_celectronics
999 _c25287
_d25287